| 000 | 01085cam a22002535a 4500 | ||
|---|---|---|---|
| 001 | L141916 | ||
| 008 | 080115s2007 xxk f 000 0 eng d | ||
| 020 | _a978095509954 | ||
| 035 | _a(Sirsi) u141916 | ||
| 041 | 0 | _aeng | |
| 050 | 0 | 4 | _a692.2 $2 18 |
| 100 | 1 | _aFrame, Alex | |
| 245 | 0 | 0 |
_aParty Wall etc Act 1996 _bmisunderstandings and guidance |
| 260 |
_aLondon _bRICS _c2007 |
||
| 300 |
_a144p. _c21cm. |
||
| 350 | _a29.50 | ||
| 520 | _aExplains law and practice as set out by the Party Wall etc. Act 1996. Explains the extent of the Act and considers its application in various generic circumstances. Addresses common mistakes which are made in the implementation of the Act. Aims to forewarn surveyors of potential pitfalls and so avoid possible litigation actions. Highlights the fact that the Act does not provide the ability to invoke penalties for non-compliance. | ||
| 521 | 2 | _aAdvanced | |
| 590 | _aKA | ||
| 650 | 2 | 4 | _aPARTY WALL ETC ACT 1996 |
| 651 | 4 |
_aUnited Kingdom _y |
|
| 690 | _aPROPERTY-PROPERTY MANAGEMENT-EASEMENTS-PARTY WALL SURVEYING | ||
| 942 | _n0 | ||
| 999 |
_c107794 _d107794 |
||